New construction and rehabilitation on college campuses, 1961-62, 1962-63, and 1963-64 (Record no. 34652)

MARC details
000 -LEADER
fixed length control field 01240cam a22002771 4500
001 - CONTROL NUMBER
control field hew66000152
003 - CONTROL NUMBER IDENTIFIER
control field DLC
005 - DATE AND TIME OF LATEST TRANSACTION
control field 20260227111515.0
008 - FIXED-LENGTH DATA ELEMENTS--GENERAL INFORMATION
fixed length control field 731119s1966 dcua f000 0 eng c
010 ## - LIBRARY OF CONGRESS CONTROL NUMBER
LC control number hew66000152
035 ## - SYSTEM CONTROL NUMBER
System control number (OCoLC)744137
040 ## - CATALOGING SOURCE
Original cataloging agency U.S. Dept. of Health, Education, and Welfare. Library
Transcribing agency OClU
Modifying agency OCoLC
-- DLC
042 ## - AUTHENTICATION CODE
Authentication code premarc
050 00 - LIBRARY OF CONGRESS CALL NUMBER
Classification number L112
Item number .R6
082 ## - DEWEY DECIMAL CLASSIFICATION NUMBER
Classification number 378.1/96
100 1# - MAIN ENTRY--PERSONAL NAME
Personal name Robbins, Leslie Frank,
Dates associated with a name 1898-
245 10 - TITLE STATEMENT
Title New construction and rehabilitation on college campuses, 1961-62, 1962-63, and 1963-64
Statement of responsibility, etc. [by] Leslie F. Robbins.
260 ## - PUBLICATION, DISTRIBUTION, ETC.
Place of publication, distribution, etc. [Washington]
Name of publisher, distributor, etc. U.S. Dept. of Health, Education, and Welfare, Office of Education
Date of publication, distribution, etc. [1966]
300 ## - PHYSICAL DESCRIPTION
Extent viii, 79 p.
Other physical details illus.
Dimensions 26 cm.
500 ## - GENERAL NOTE
General note "OE-51011."
500 ## - GENERAL NOTE
General note "Third of a series accumulating construction data starting with the fiscal year 1951-52."
500 ## - GENERAL NOTE
General note Prepared in the Business Administration Section, Division of Educational Organization and Administration.
650 #0 - SUBJECT ADDED ENTRY--TOPICAL TERM
Topical term or geographic name entry element College buildings
Geographic subdivision United States.
650 #0 - SUBJECT ADDED ENTRY--TOPICAL TERM
Topical term or geographic name entry element Universities and colleges
Geographic subdivision United States
General subdivision Finance.
710 1# - ADDED ENTRY--CORPORATE NAME
Corporate name or jurisdiction name as entry element United States.
Subordinate unit Office of Education.
-- Division of Educational Organization and Administration.
-- Business Administration Section.

No items available.

Powered by Koha